Diccionario de la lengua española

Uloženo v:
Podrobná bibliografie
Korporativní autor: Real Academia Española
Médium: Kniha
Jazyk:španělština
Vydáno: Madrid, España Espasa Calpe 2001
Vydání:Vigésima segunda edición
Témata:
Tagy: Přidat tag
Žádné tagy, Buďte první, kdo vytvoří štítek k tomuto záznamu!

MARC

LEADER 00000nam a2200000 a 4500
001 UCN8806
003 CL-VaPUC
005 20220315074437.0
008 011123e20010000SP |||||||||||||||||spa|d
999 |c 298555  |d 298553 
020 |a 8423968146 (o.c) 
020 |a 8423968235 (v.1) 
020 |a 8423968243 (v.2) 
040 |c Pontificia Universidad Católica de Valparaíso 
082 0 4 |a 463 REA 2001  |2 21 
110 2 |a Real Academia Española  |9 465319 
245 1 0 |a Diccionario de la lengua española 
250 |a Vigésima segunda edición 
260 0 3 |a Madrid, España  |b Espasa Calpe  |c 2001 
300 |a v 
505 |a v.1: a-g. v.2: h-z. 
583 |a last modification  |c 20011123 00:00:00  |k Rodrigo Vera 
650 0 |a Diccionarios  |9 256200 
650 0 |a Español  |9 255372 
650 0 |a Glosarios  |9 261047 
942 |c BK  |2 ddc 
945 |d 20011123 00:00:00  |a vberengu 
952 |0 0  |1 0  |2 ddc  |4 0  |6 463_000000000000000_REA_2001  |7 0  |8 A  |9 354193  |a FDOPOS  |b FDOPOS  |d 2019-11-21  |h v.1  |i 3772292  |o 463 REA 2001  |p 3772292  |r 2025-01-22  |t 5  |w 2019-11-21  |y BK  |k MLA 
952 |0 0  |1 0  |2 ddc  |4 0  |6 463_000000000000000_REA_2001  |7 0  |8 A  |9 354194  |a FDOPOS  |b FDOPOS  |d 2019-11-21  |h v.2  |i 3772306  |o 463 REA 2001  |p 3772306  |r 2025-01-22  |t 5  |w 2019-11-21  |y BK  |k MLA 
952 |0 0  |1 0  |2 ddc  |4 0  |6 463_000000000000000_REA_2001  |7 0  |8 R  |9 354197  |a BIBCUR  |b BIBCUR  |d 2019-11-21  |h v.1  |i 3841499  |l 1  |o 463 REA 2001  |p 3841499  |r 2025-04-22  |s 2023-08-16  |t 2  |w 2019-11-21  |y BK_R  |k BIO 
952 |0 0  |1 0  |2 ddc  |4 0  |6 463_000000000000000_REA_2001  |7 0  |8 R  |9 354198  |a BIBCUR  |b BIBCUR  |d 2019-11-21  |h v.2  |i 3841502  |l 1  |o 463 REA 2001  |p 3841502  |r 2025-04-22  |s 2023-08-16  |t 2  |w 2019-11-21  |y BK_R  |k BIO 
952 |0 0  |1 0  |2 ddc  |4 0  |6 463_000000000000000_REA_2001  |7 0  |8 A  |9 354199  |a FDOPOS  |b FDOPOS  |d 2019-11-21  |h v.1  |i 3858146  |o 463 REA 2001  |p 3858146  |r 2025-01-22  |t 6  |w 2019-11-21  |y BK  |k MLA 
952 |0 0  |1 0  |2 ddc  |4 0  |6 463_000000000000000_REA_2001  |7 0  |8 A  |9 354200  |a FDOPOS  |b FDOPOS  |d 2019-11-21  |h v.2  |i 3858154  |o 463 REA 2001  |p 3858154  |r 2025-01-22  |t 6  |w 2019-11-21  |y BK  |k MLA 
952 |0 0  |1 2  |4 0  |6 463_000000000000000_REA_2001  |7 0  |8 X  |9 354201  |a BIBING  |b BIBING  |d 2019-11-21  |h v.1  |i 3871134  |o 463 REA 2001  |p 3871134  |r 2019-11-21  |w 2019-11-21  |y BK_X  |k TRA 
952 |0 0  |1 2  |4 0  |6 463_000000000000000_REA_2001  |7 0  |8 X  |9 354202  |a BIBING  |b BIBING  |d 2019-11-21  |h v.2  |i 3871142  |o 463 REA 2001  |p 3871142  |r 2019-11-21  |w 2019-11-21  |y BK_X  |k TRA 
952 |0 0  |1 0  |2 ddc  |4 0  |6 463_000000000000000_REA_2001  |7 0  |8 X  |9 354207  |a BIBING  |b BIBING  |d 2019-11-21  |h v.1  |i 4181476  |l 1  |o 463 REA 2001  |p 4181476  |q 2025-05-12  |r 2025-05-07  |s 2025-05-07  |t 4  |w 2019-11-21  |y BK_X  |k EIB 
952 |0 0  |1 0  |2 ddc  |4 0  |6 463_000000000000000_REA_2001  |7 0  |8 X  |9 354208  |a BIBING  |b BIBING  |d 2019-11-21  |h v.2  |i 4181484  |o 463 REA 2001  |p 4181484  |r 2025-01-20  |t 4  |w 2019-11-21  |y BK_X  |k EIB 
952 |0 0  |1 0  |4 0  |6 463_000000000000000_REA_2001  |7 0  |8 A  |9 354209  |a FDOPOS  |b FDOPOS  |d 2019-11-21  |i 431753K  |o 463 REA 2001  |p 431753K  |r 2025-01-22  |w 2019-11-21  |y BK  |k MLA 
952 |0 0  |1 0  |2 ddc  |4 0  |6 463_000000000000000_REA_2001  |7 0  |8 A  |9 354210  |a FDOPOS  |b FDOPOS  |d 2019-11-21  |h v.2  |i 4312805  |o 463 REA 2001  |p 4312805  |r 2025-01-22  |t 7  |w 2019-11-21  |y BK  |k MLA